| 000 | 00892cam a2200301 a 4500 | ||
|---|---|---|---|
| 001 | 000019890 | ||
| 003 | DO-SdBNP | ||
| 005 | 20250409114711.0 | ||
| 008 | 931103s1992 tr 000 0 eng d | ||
| 010 | _a93227039 | ||
| 020 | _z967631019X | ||
| 035 | _a(DLC) 93227039 | ||
| 040 |
_aDO-SdBNP _bBNPHU _cDLC _dDLC |
||
| 043 | _acc----- | ||
| 049 | _aBNGR | ||
| 082 |
_a814.82 _bR636s |
||
| 100 | 1 |
_aRohlehr, Gordon, _d1942- _941271 |
|
| 245 | 1 | 4 |
_aThe shape of that hurt and other essays / _cGordon Rohlehr. |
| 260 |
_aPuerto España : _bLongman Trinidad Ltd., _c1992. |
||
| 300 |
_a371 p. ; _c21 cm. |
||
| 650 | 4 |
_aEnsayos jamaicanos _942429 |
|
| 650 | 4 |
_aLiteratura jamaicana _942430 |
|
| 650 | 4 |
_aLiteratura caribeña _xHistoria y crítica _917622 |
|
| 651 | 4 |
_aAntillas _942431 |
|
| 651 | 0 |
_aCaribe (Región) _987401 |
|
| 910 | _aCatalogación derivada / LC | ||
| 942 |
_2ddc _cLBS1 |
||
| 999 |
_c19403 _d19403 |
||